[Event "BL2 Sued 1718 (Women)"]
[Site "Germany"]
[Date "2017.10.15"]
[Round "2.6"]
[White "Zemke, Christine"]
[Black "Mijatovic, Andrea"]
[Result "0-1"]
[WhiteElo "1709"]
[BlackElo "1946"]
[PlyCount "102"]
[EventDate "2017.10.14"]
[EventType "team-tourn"]
[EventRounds "7"]
[EventCountry "GER"]
[SourceTitle "EXT 2019"]
[Source "ChessBase"]
[SourceDate "2018.10.10"]
[SourceVersion "1"]
[SourceVersionDate "2018.10.10"]
[SourceQuality "1"]
[WhiteTeam "Mainz Schott (W)"]
[BlackTeam "Stuttgart Wolfbusch (W)"]
[WhiteTeamCountry "GER"]
[BlackTeamCountry "GER"]

1. d4 d5 2. e3 e6 3. Bd3 Nf6 4. Nd2 c5 5. c3 Nbd7 6. f4 b6 7. Ngf3 Bb7 8. Ne5 Be7 9. Qf3 h6 10. 0-0 Qc7 11. Qg3 Rg8 12. Bb5 a6 13. Ba4 b5 14. Bd1 Nb6 15. dxc5 Bxc5 16. Nb3 Ne4 17. Qg4 Nc4 18. Nd4 Nxe5 19. fxe5 Qxe5 20. Qf4 Qxf4 21. Rxf4 e5 22. Rxe4 dxe4 23. Nb3 Bb6 24. Bc2 0-0-0 25. Kf2 f5 26. Ke2 g5 27. Nd2 Rge8 28. b3 Rd7 29. a4 Red8 30. axb5 axb5 31. c4 Bc6 32. cxb5 Bxb5+ 33. Nc4 Kb7 34. Ke1 Bxc4 35. bxc4 Rc7 36. Ra4 Kc6 37. Ke2 Ra7 38. Bb2 Rxa4 39. Bxa4+ Kd6 40. Bc3 Ke6 41. Bc2 Rc8 42. Bb3 Bc5 43. Bd2 Rb8 44. Bc2 Rb2 45. Kd1 Ra2 46. Bb3 Ra1+ 47. Ke2 f4 48. h3 Kf5 49. Kf2 fxe3+ 50. Bxe3 Bxe3+ 51. Kxe3 Ra3 0-1

[Event "Regionalliga SW 1516 (Women)"]
[Site "Germany"]
[Date "2016.01.24"]
[Round "4.1"]
[White "Mijatovic, Andrea"]
[Black "Weinmann, Helene"]
[Result "1-0"]
[WhiteElo "1870"]
[BlackElo "1452"]
[PlyCount "79"]
[EventDate "2015.09.27"]
[EventType "team-tourn"]
[EventRounds "5"]
[EventCountry "GER"]
[SourceTitle "EXT 2018"]
[Source "ChessBase"]
[SourceDate "2017.10.13"]
[SourceVersion "1"]
[SourceVersionDate "2017.10.13"]
[SourceQuality "1"]
[WhiteTeam "Stuttgart Wolfbusch (W)"]
[BlackTeam "Riegelsberg (W)"]
[WhiteTeamCountry "GER"]
[BlackTeamCountry "GER"]

1. e4 c6 2. d4 d5 3. Nc3 e6 4. Bd3 Bb4 5. Nge2 dxe4 6. Bxe4 Nf6 7. Bf3 Nbd7 8. 0-0 Nb6 9. Bg5 Be7 10. Bf4 0-0 11. Re1 Nbd5 12. Bg3 Bd6 13. Nxd5 Nxd5 14. c4 Ne7 15. Rc1 Nf5 16. Bxd6 Qxd6 17. d5 exd5 18. cxd5 cxd5 19. Bxd5 Qb6 20. Nf4 g6 21. Bb3 Nd4 22. Nd5 Ne2+ 23. Qxe2 Qd6 24. Red1 Kg7 25. Nc7 Qf4 26. Nxa8 Bf5 27. Nc7 Be4 28. Qc4 Qf5 29. Qd4+ Kg8 30. Nd5 Bxd5 31. Bxd5 Qg5 32. Rc7 Qf5 33. Rxb7 Qc2 34. Bxf7+ Rxf7 35. Rb8+ Rf8 36. Rxf8+ Kxf8 37. Qh8+ Kf7 38. Qxh7+ Kf6 39. Qh4+ Kg7 40. Rd7+ 1-0

[Event "Regionalliga SW 1516 (Women)"]
[Site "Germany"]
[Date "2015.12.06"]
[Round "2.2"]
[White "Ronkina, Vera"]
[Black "Mijatovic, Andrea"]
[Result "0-1"]
[WhiteElo "1647"]
[BlackElo "1870"]
[PlyCount "86"]
[EventDate "2015.09.27"]
[EventType "team-tourn"]
[EventRounds "5"]
[EventCountry "GER"]
[SourceTitle "EXT 2018"]
[Source "ChessBase"]
[SourceDate "2017.10.13"]
[SourceVersion "1"]
[SourceVersionDate "2017.10.13"]
[SourceQuality "1"]
[WhiteTeam "Neuperlach (W)"]
[BlackTeam "Stuttgart Wolfbusch (W)"]
[WhiteTeamCountry "GER"]
[BlackTeamCountry "GER"]

1. Nf3 d5 2. d4 Nf6 3. g3 c5 4. Bg2 cxd4 5. 0-0 Nc6 6. Nxd4 e5 7. Nxc6 bxc6 8. c4 e4 9. Be3 Ng4 10. Bd4 c5 11. Bc3 d4 12. Bd2 Bb7 13. e3 f5 14. h3 Ne5 15. exd4 cxd4 16. Bf4 Nd3 17. Qd2 Qb6 18. b3 Bb4 19. Qd1 0-0 20. Bg5 h6 21. Bc1 a5 22. Ba3 Ra6 23. Qh5 a4 24. Rd1 axb3 25. axb3 Bxa3 26. Rxa3 Rxa3 27. Nxa3 Qxb3 28. Rb1 Qxa3 29. Rxb7 Qc1+ 30. Kh2 Qg5 31. Qe2 Ne5 32. Qa2 d3 33. h4 Qf6 34. c5+ Kh8 35. Rb6 Ng4+ 36. Kg1 Qd4 37. Qb2 Qxc5 38. Rb5 Qd6 39. Rb6 Qe5 40. Qa3 Rd8 41. Rb1 e3 42. f4 Qd4 43. Qb2 Qxb2 0-1

[Event "BL2 Sued 1415 (Women)"]
[Site "Germany"]
[Date "2015.03.29"]
[Round "7.5"]
[White "Lobzhanidze, Anna Luise"]
[Black "Mijatovic, Andrea"]
[Result "0-1"]
[WhiteElo "1963"]
[BlackElo "1952"]
[PlyCount "120"]
[EventDate "2014.09.27"]
[EventType "team-tourn"]
[EventRounds "7"]
[EventCountry "GER"]
[SourceTitle "CBM 166 Extra"]
[Source "ChessBase"]
[SourceDate "2015.06.18"]
[SourceVersion "1"]
[SourceVersionDate "2015.06.18"]
[SourceQuality "1"]
[WhiteTeam "Hofheim (W)"]
[BlackTeam "Stuttgart Wolfbusch (W)"]
[WhiteTeamCountry "GER"]
[BlackTeamCountry "GER"]

1. e4 c5 2. d3 d6 3. g3 Nc6 4. Bg2 g6 5. c3 Bg7 6. f4 e6 7. Nf3 Nge7 8. 0-0 0-0 9. Na3 a6 10. Nc2 b5 11. d4 Bb7 12. Re1 Qc7 13. Be3 Rfd8 14. Qe2 cxd4 15. cxd4 Rac8 16. Rac1 Qa5 17. a3 Qa4 18. b4 a5 19. Bf1 axb4 20. Qxb5 Qxb5 21. Bxb5 b3 22. Bxc6 Nxc6 23. d5 bxc2 24. dxc6 Rxc6 25. Nd4 Bxd4 26. Bxd4 Rc4 27. Bf6 Rd7 28. Re2 Rdc7 29. e5 d5 30. Bd8 Rc8 31. Be7 Ba6 32. Rd2 Bb5 33. Kf2 Ba4 34. Rd3 Re4 35. Re3 Rxe3 36. Kxe3 Rc4 37. Kd2 Rd4+ 38. Kc3 Rc4+ 39. Kd2 Kg7 40. Kd3 Rc7 41. Bd6 Rc8 42. Bb4 f5 43. Bc3 h6 44. Rg1 Rb8 45. Bb4 Rc8 46. Bc3 Rc4 47. Bb2 g5 48. Bc1 g4 49. Re1 h5 50. Re3 Kg6 51. Re1 h4 52. Re3 Rc8 53. Re1 hxg3 54. hxg3 Rh8 55. Kc3 Rh2 56. Kb4 Bc6 57. Kc3 Rg2 58. Re3 Rg1 59. Kd2 Ba4 60. Rc3 Rd1+ 0-1

[Event "BL2 Sued 1415 (Women)"]
[Site "Germany"]
[Date "2015.03.28"]
[Round "6.6"]
[White "Katte, Isabel"]
[Black "Mijatovic, Andrea"]
[Result "1-0"]
[WhiteElo "1934"]
[BlackElo "1952"]
[PlyCount "75"]
[EventDate "2014.09.27"]
[EventType "team-tourn"]
[EventRounds "7"]
[EventCountry "GER"]
[SourceTitle "CBM 166 Extra"]
[Source "ChessBase"]
[SourceDate "2015.06.18"]
[SourceVersion "1"]
[SourceVersionDate "2015.06.18"]
[SourceQuality "1"]
[WhiteTeam "Mainz Schott (W)"]
[BlackTeam "Stuttgart Wolfbusch (W)"]
[WhiteTeamCountry "GER"]
[BlackTeamCountry "GER"]

1. e4 c5 2. Nc3 d6 3. f4 Nf6 4. Nf3 a6 5. a4 e6 6. d3 Be7 7. Be2 0-0 8. 0-0 Nc6 9. Qe1 Ne8 10. Ng5 h6 11. Nf3 f5 12. exf5 Rxf5 13. Ne4 Rf8 14. Qg3 Nf6 15. Bd2 d5 16. Nxf6+ Bxf6 17. Ne5 Nd4 18. Bh5 Qc7 19. c3 Nf5 20. Qe1 Qb6 21. Kh1 Qxb2 22. Rb1 Qa3 23. Bd1 d4 24. Nc4 Qa2 25. Bb3 Qxb1 26. Qxb1 dxc3 27. Bxc3 Bxc3 28. Qc1 Bd4 29. Nb6 c4 30. Nxc4 b5 31. Ne5 Be3 32. Qc6 Nd4 33. Qxa8 Nxb3 34. axb5 axb5 35. Ng6 Re8 36. Qc6 Kf7 37. Ne5+ Ke7 38. Qc7+ 1-0

[Event "BL2 Sued 1415 (Women)"]
[Site "Germany"]
[Date "2014.12.14"]
[Round "5.5"]
[White "Mijatovic, Andrea"]
[Black "Juszczak, Anna"]
[Result "0-1"]
[WhiteElo "1952"]
[BlackElo "1972"]
[PlyCount "134"]
[EventDate "2014.09.27"]
[EventType "team-tourn"]
[EventRounds "7"]
[EventCountry "GER"]
[SourceTitle "CBM 166 Extra"]
[Source "ChessBase"]
[SourceDate "2015.06.18"]
[SourceVersion "1"]
[SourceVersionDate "2015.06.18"]
[SourceQuality "1"]
[WhiteTeam "Stuttgart Wolfbusch (W)"]
[BlackTeam "Karlsruhe (W)"]
[WhiteTeamCountry "GER"]
[BlackTeamCountry "GER"]

1. e4 e6 2. d4 d5 3. exd5 exd5 4. Nf3 Nf6 5. Bg5 Be7 6. c4 c6 7. Nc3 h6 8. Bxf6 Bxf6 9. cxd5 cxd5 10. Qb3 Qe7+ 11. Be2 Be6 12. 0-0 0-0 13. Bb5 Rd8 14. Rac1 a6 15. Bd3 Nc6 16. Ne2 Bg4 17. Rfe1 Bxf3 18. gxf3 Qd7 19. Qb6 Qh3 20. Qxb7 Nxd4 21. Nxd4 Bxd4 22. Qc7 Qxf3 23. Qg3 Qxg3+ 24. hxg3 Bxb2 25. Rc7 Bf6 26. Rec1 a5 27. Bb5 Rab8 28. a4 Be5 29. R7c6 Bb2 30. R1c2 Ba3 31. f3 Bb4 32. Kf2 d4 33. Ke2 Re8+ 34. Kd3 Rbd8 35. Re2 Rxe2 36. Kxe2 Bc3 37. Rc4 Rb8 38. Kd3 g6 39. Rc7 Rb6 40. Bc4 Rf6 41. Ke4 h5 42. Bd5 Be1 43. g4 Bc3 44. Rc8+ Kg7 45. Rc7 h4 46. g5 Rf5 47. Be6 Rxg5 48. Rxf7+ Kh6 49. Rf8 d3 50. Kxd3 Bg7 51. Rc8 Rg3 52. Ke3 h3 53. Rc1 h2 54. Kf2 Be5 55. Bg4 Bf4 56. Rd1 Kg5 57. Rh1 Kf6 58. Rxh2 Rxg4 59. Rh8 Rg5 60. Re8 Re5 61. Rf8+ Kg5 62. Rc8 Bd2 63. Rc4 Kf5 64. Rg4 Be1+ 65. Kg2 Bb4 66. Rc4 Re2+ 67. Kf1 Ra2 0-1

[Event "BL2 Sued 1415 (Women)"]
[Site "Germany"]
[Date "2014.09.28"]
[Round "2.6"]
[White "Mijatovic, Andrea"]
[Black "Lenk, Sandra"]
[Result "1-0"]
[WhiteElo "1952"]
[BlackElo "1875"]
[PlyCount "67"]
[EventDate "2014.09.27"]
[EventType "team-tourn"]
[EventRounds "7"]
[EventCountry "GER"]
[SourceTitle "CBM 166 Extra"]
[Source "ChessBase"]
[SourceDate "2015.06.18"]
[SourceVersion "1"]
[SourceVersionDate "2015.06.18"]
[SourceQuality "1"]
[WhiteTeam "Stuttgart Wolfbusch (W)"]
[BlackTeam "Muenchen Bayern (W)"]
[WhiteTeamCountry "GER"]
[BlackTeamCountry "GER"]

1. e4 c5 2. Nf3 Nc6 3. d4 cxd4 4. Nxd4 g6 5. Nc3 Bg7 6. Be3 Nf6 7. Be2 0-0 8. Qd2 d5 9. exd5 Nxd5 10. Nxd5 Qxd5 11. Bf3 Qa5 12. Nxc6 Qxd2+ 13. Kxd2 bxc6 14. Bxc6 Rb8 15. Rab1 Rxb2 16. Rxb2 Bxb2 17. Bxa7 Rd8+ 18. Ke3 Bc3 19. Be4 e5 20. Bd3 Be6 21. a3 Ra8 22. Bc5 f5 23. Bb5 Rc8 24. Bd6 Rd8 25. Bb4 f4+ 26. Kf3 Bd5+ 27. Kg4 Bd4 28. Re1 e4 29. Kxf4 Bxf2 30. Rd1 g5+ 31. Ke5 e3 32. Rxd5 Rb8 33. Kf5 h6 34. Bc4 1-0

[Event "BL2 Sued 1415 (Women)"]
[Site "Germany"]
[Date "2014.09.27"]
[Round "1.6"]
[White "Muench, Ursula"]
[Black "Mijatovic, Andrea"]
[Result "1/2-1/2"]
[WhiteElo "1842"]
[BlackElo "1952"]
[PlyCount "108"]
[EventDate "2014.09.27"]
[EventType "team-tourn"]
[EventRounds "7"]
[EventCountry "GER"]
[SourceTitle "CBM 166 Extra"]
[Source "ChessBase"]
[SourceDate "2015.06.18"]
[SourceVersion "1"]
[SourceVersionDate "2015.06.18"]
[SourceQuality "1"]
[WhiteTeam "Augsburg (W)"]
[BlackTeam "Stuttgart Wolfbusch (W)"]
[WhiteTeamCountry "GER"]
[BlackTeamCountry "GER"]

1. Nf3 d5 2. g3 Nf6 3. Bg2 Nbd7 4. d4 e6 5. 0-0 Be7 6. Nbd2 c5 7. c4 0-0 8. b3 b6 9. Bb2 Rb8 10. Re1 Bb7 11. Qc2 Qc8 12. Rac1 Rd8 13. h4 h6 14. Nh2 cxd4 15. cxd5 Qxc2 16. Rxc2 e5 17. e4 dxe3 18. Rxe3 Bc5 19. Rd3 Ba6 20. Nc4 e4 21. Rd1 Bb7 22. d6 Re8 23. Nf1 Nd5 24. Nfe3 Nxe3 25. Nxe3 Bxe3 26. fxe3 Nc5 27. Bf1 Nd3 28. Ba3 Ba6 29. d7 Re6 30. Bh3 Rg6 31. Kg2 Rf6 32. Be7 Rf3 33. d8Q+ Rxd8 34. Bxd8 Rxe3 35. Bc8 Bb5 36. Bf5 Ne1+ 37. Rxe1 Rxe1 38. Be7 g6 39. Bb4 Re3 40. Bc8 Bd3 41. Rf2 Bb5 42. Bd2 Rd3 43. Bxh6 e3 44. Rc2 Kh7 45. Bf4 Kg7 46. Re2 Rd8 47. Rc2 e2 48. Kf2 Rd1 49. Rxe2 Bxe2 50. Kxe2 Rd4 51. a4 Kf8 52. Ba6 Ke7 53. Bc4 Rd7 54. Ke3 Rd1 1/2-1/2

[Event "GER-chT U20 Girls"]
[Site "Magdeburg"]
[Date "2010.12.27"]
[Round "2.3"]
[White "Mijatovic, Andrea"]
[Black "Kosovska, Olena"]
[Result "1-0"]
[WhiteElo "1780"]
[BlackElo "1773"]
[PlyCount "57"]
[EventDate "2010.12.27"]
[EventType "team-swiss"]
[EventRounds "7"]
[EventCountry "GER"]
[SourceTitle "CBM 140 Extra"]
[Source "ChessBase"]
[SourceDate "2011.03.01"]
[SourceVersion "1"]
[SourceVersionDate "2011.03.01"]
[SourceQuality "1"]
[WhiteTeam "Stuttgart Wolfbusch"]
[BlackTeam "Dresden Gruen Weiss"]
[WhiteTeamCountry "GER"]
[BlackTeamCountry "GER"]

1. e4 c5 2. Nf3 a6 3. d4 cxd4 4. Nxd4 e5 5. Nf5 d5 6. Ne3 d4 7. Nd5 Nf6 8. Bg5 Be7 9. Nxe7 Qxe7 10. c3 Nc6 11. Bc4 Qc5 12. Qe2 Qd6 13. 0-0 b5 14. Bb3 d3 15. Qe3 Nd7 16. Bd5 0-0 17. Qxd3 Qg6 18. Be3 Bb7 19. c4 Nb4 20. Qb3 Nxd5 21. exd5 Nf6 22. Nc3 Rfd8 23. Rad1 Rab8 24. Ba7 bxc4 25. Qb6 Nd7 26. Qc7 Rbc8 27. Qxb7 f5 28. d6 Nf6 29. d7 1-0

[Event "CRO-ch U19 Girls"]
[Site "Bjelolasica"]
[Date "2010.07.31"]
[Round "10"]
[White "Mijatovic, Andrea"]
[Black "Starcevic, Andrea"]
[Result "1/2-1/2"]
[WhiteElo "1898"]
[BlackElo "1766"]
[PlyCount "128"]
[EventDate "2010.07.25"]
[EventType "tourn"]
[EventRounds "10"]
[EventCountry "CRO"]
[SourceTitle "EXT 2011"]
[Source "ChessBase"]
[SourceDate "2010.11.26"]
[SourceVersion "1"]
[SourceVersionDate "2010.11.26"]
[SourceQuality "1"]

1. e4 c5 2. Nf3 e6 3. d4 cxd4 4. Nxd4 a6 5. Nc3 Qc7 6. Bd3 Nc6 7. Be3 Nf6 8. Nb3 Be7 9. 0-0 0-0 10. f4 d6 11. a4 b6 12. Qf3 Bb7 13. Qf2 Nd7 14. f5 Nce5 15. Qg3 Bf6 16. fxe6 fxe6 17. Nd4 Rae8 18. Be2 Bc8 19. Bf2 Nb8 20. Rad1 Nbc6 21. Nxc6 Qxc6 22. Qe3 Bd8 23. b4 Qd7 24. Bg3 Rxf1+ 25. Bxf1 Qe7 26. Ne2 Bd7 27. Qb3 Bc7 28. Nd4 Bc8 29. b5 a5 30. Qc3 Bb7 31. Bxe5 dxe5 32. Nc6 Bxc6 33. Qxc6 Rd8 34. Rxd8+ Bxd8 35. Bc4 Kf7 36. Kf1 Qf6+ 37. Ke2 Qe7 38. Bb3 Bc7 39. Bxe6+ Kf8 40. Bd5 Bd8 41. Qc8 Qc7 42. Qf5+ Bf6 43. Bc6 h6 44. Qe6 Qe7 45. Qc8+ Qd8 46. Qb7 Be7 47. Bd5 Qd6 48. Qc8+ Bd8 49. Kd3 Qa3+ 50. c3 Qd6 51. g3 Ke7 52. h4 Kf8 53. Ke3 Ke7 54. g4 Kf8 55. g5 hxg5 56. hxg5 g6 57. Kd3 Qe7 58. Qc6 Qxg5 59. Qd6+ Kg7 60. Qe6 Qe7 61. Qg8+ Kh6 62. Bf7 Qd6+ 63. Ke2 Kg5 64. Bd5 Qf6 1/2-1/2

[Event "CRO-ch U19 Girls"]
[Site "Bjelolasica"]
[Date "2010.07.30"]
[Round "9"]
[White "Saric, Zrinka"]
[Black "Mijatovic, Andrea"]
[Result "0-1"]
[WhiteElo "2061"]
[BlackElo "1898"]
[PlyCount "184"]
[EventDate "2010.07.25"]
[EventType "tourn"]
[EventRounds "10"]
[EventCountry "CRO"]
[SourceTitle "EXT 2011"]
[Source "ChessBase"]
[SourceDate "2010.11.26"]
[SourceVersion "1"]
[SourceVersionDate "2010.11.26"]
[SourceQuality "1"]

1. e4 c5 2. Nf3 e6 3. d4 cxd4 4. Nxd4 Bc5 5. Nb3 Bb6 6. c4 Ne7 7. Nc3 0-0 8. c5 Bc7 9. Nb5 f5 10. Nxc7 Qxc7 11. Qd6 Qxd6 12. cxd6 Ng6 13. exf5 Rxf5 14. Be3 Nc6 15. a3 Nge5 16. Be2 b6 17. 0-0 Bb7 18. Rfd1 Rf6 19. f4 Nf7 20. Bf3 Ncd8 21. Bxb7 Nxb7 22. Rac1 Nfxd6 23. Rc7 Rf7 24. Bd4 Rc8 25. Rxc8+ Nxc8 26. Rc1 Ncd6 27. Be5 Ne8 28. Rc8 Kf8 29. Nd4 Ke7 30. Rb8 Nd8 31. Nb5 Nc6 32. Rxe8+ Kxe8 33. Nd6+ Ke7 34. Nxf7 Kxf7 35. Bc3 d5 36. b4 b5 37. Kf2 g6 38. Ke3 Ke7 39. h3 h5 40. g3 Kd6 41. Bg7 e5 42. fxe5+ Nxe5 43. Kf4 Nf7 44. Bd4 a6 45. Ke3 Ng5 46. Bg7 Nxh3 47. Bf6 Ke6 48. Bd8 g5 49. Kd4 Kd6 50. Bf6 g4 51. Be5+ Kc6 52. Ke3 Ng1 53. Kf4 Nf3 54. Bg7 Kd6 55. Kf5 Nd2 56. Bf8+ Kc6 57. Bh6 Nc4 58. Bc1 Kd6 59. Bf4+ Ke7 60. Bg5+ Kd7 61. Bc1 Ke7 62. Bg5+ Kf7 63. Bc1 Kg7 64. Bg5 Nxa3 65. Ke5 Nc2 66. Be7 Ne3 67. Kf4 Nc4 68. Kf5 a5 69. bxa5 Nxa5 70. Bf6+ Kf7 71. Bb2 Nc4 72. Bc3 Ke7 73. Kg5 Ke6 74. Kf4 Nd6 75. Ke3 Ne4 76. Be1 Ke5 77. Ba5 d4+ 78. Kd3 Nc5+ 79. Ke2 Ke4 80. Bb4 Nb3 81. Bd6 d3+ 82. Kd1 Nd4 83. Bc5 Ne2 84. Bd6 b4 85. Bxb4 Nxg3 86. Ke1 Ne2 87. Be7 Kf3 88. Kd2 Nf4 89. Bc5 h4 90. Ke1 h3 91. Bg1 g3 92. Bf2 d2+ 0-1

[Event "CRO-ch U19 Girls"]
[Site "Bjelolasica"]
[Date "2010.07.28"]
[Round "5"]
[White "Starcevic, Andrea"]
[Black "Mijatovic, Andrea"]
[Result "0-1"]
[WhiteElo "1766"]
[BlackElo "1898"]
[PlyCount "80"]
[EventDate "2010.07.25"]
[EventType "tourn"]
[EventRounds "10"]
[EventCountry "CRO"]
[SourceTitle "EXT 2011"]
[Source "ChessBase"]
[SourceDate "2010.11.26"]
[SourceVersion "1"]
[SourceVersionDate "2010.11.26"]
[SourceQuality "1"]

1. d4 e6 2. Nf3 Nf6 3. Bg5 c5 4. c3 Be7 5. e3 b6 6. Bd3 Bb7 7. Nbd2 cxd4 8. cxd4 Nd5 9. Bxe7 Qxe7 10. a3 0-0 11. 0-0 f5 12. Rc1 Nc6 13. Re1 Rad8 14. Nb1 Qf6 15. b4 g5 16. Bc4 Nde7 17. d5 Ne5 18. Nxe5 Qxe5 19. dxe6 dxe6 20. Qb3 Nd5 21. Nc3 Rf6 22. e4 Nxc3 23. Rxc3 fxe4 24. Rg3 Bd5 25. h4 h6 26. hxg5 hxg5 27. Bxd5 exd5 28. Qe3 Rf4 29. Qe2 Rh4 30. Rd1 Kg7 31. Qa6 Rdh8 32. Qxa7+ Kf6 33. Qxb6+ Kf5 34. Rh3 Rxh3 35. gxh3 Rxh3 36. Qb5 Qh2+ 37. Kf1 Qh1+ 38. Ke2 Qf3+ 39. Kd2 Qxf2+ 40. Qe2 Rd3+ 0-1

[Event "CRO-ch U19 Girls"]
[Site "Bjelolasica"]
[Date "2010.07.27"]
[Round "4"]
[White "Mijatovic, Andrea"]
[Black "Saric, Zrinka"]
[Result "0-1"]
[WhiteElo "1898"]
[BlackElo "2061"]
[PlyCount "106"]
[EventDate "2010.07.25"]
[EventType "tourn"]
[EventRounds "10"]
[EventCountry "CRO"]
[SourceTitle "EXT 2011"]
[Source "ChessBase"]
[SourceDate "2010.11.26"]
[SourceVersion "1"]
[SourceVersionDate "2010.11.26"]
[SourceQuality "1"]

1. e4 c5 2. Nf3 Nc6 3. d4 cxd4 4. Nxd4 g6 5. Nc3 Bg7 6. Be3 Nf6 7. f3 0-0 8. Bc4 Qb6 9. Bb3 Nxe4 10. Nd5 Qa5+ 11. c3 Bxd4 12. Bxd4 Nc5 13. Bc4 Ne6 14. Be3 Qd8 15. Qc2 Nc7 16. Nf4 Na5 17. Bd3 e5 18. Nh3 d5 19. 0-0-0 Ne6 20. Bh6 Re8 21. Bb5 Nc6 22. Qa4 Nc5 23. Qa3 Bxh3 24. gxh3 Ne6 25. Qb3 d4 26. Rhe1 Qh4 27. Bd2 dxc3 28. Bxc3 Ncd4 29. Qb4 Rec8 30. Kb1 Qf2 31. Bd3 a5 32. Qd6 Nxf3 33. Rf1 Qg2 34. Be4 Nd2+ 35. Bxd2 Qxe4+ 36. Ka1 Nd4 37. a3 Nc2+ 38. Ka2 Qc4+ 39. Kb1 Nb4 40. Bxb4 axb4 41. Rc1 Qe4+ 42. Ka2 Rxc1 43. Rxc1 bxa3 44. bxa3 Qe2+ 45. Kb3 Qe3+ 46. Rc3 Qd4 47. Qe7 Qd5+ 48. Kc2 Rd8 49. Kb2 Qb5+ 50. Kc2 Qa4+ 51. Rb3 Rc8+ 52. Kb2 Qd4+ 53. Kb1 Qd1+ 0-1

[Event "GER-ch U18 Girls"]
[Site "Oberhof"]
[Date "2010.05.29"]
[Round "9"]
[White "Bluebaum, Johanna"]
[Black "Mijatovic, Andrea"]
[Result "0-1"]
[WhiteElo "1988"]
[BlackElo "1864"]
[PlyCount "104"]
[EventDate "2010.05.22"]
[EventType "swiss"]
[EventRounds "9"]
[EventCountry "GER"]
[SourceTitle "CBM 136 Extra"]
[Source "ChessBase"]
[SourceDate "2010.07.02"]
[SourceVersion "2"]
[SourceVersionDate "2010.07.15"]
[SourceQuality "1"]

1. d4 d5 2. c4 e6 3. Nc3 c6 4. e3 Nf6 5. Nf3 Nbd7 6. Bd3 dxc4 7. Bxc4 b5 8. Bd3 Bb7 9. e4 b4 10. Na4 c5 11. e5 Nd5 12. Nxc5 Nxc5 13. dxc5 Qa5 14. 0-0 Bxc5 15. Nd2 Be7 16. Ne4 0-0 17. Qh5 Ba6 18. Rd1 Rac8 19. Bb1 g6 20. Qh6 Qd8 21. h3 Qc7 22. Bg5 Qxe5 23. Bxe7 Nxe7 24. Ng5 Qg7 25. Qxg7+ Kxg7 26. Be4 Rfd8 27. Bf3 Nd5 28. Rd2 Bb7 29. Rad1 Rc7 30. Ne4 a5 31. a3 f5 32. Ng5 Kf6 33. h4 h6 34. Nh3 g5 35. g3 bxa3 36. bxa3 Rc3 37. Rd3 Rdc8 38. Bg2 Rxd3 39. Rxd3 gxh4 40. gxh4 Rc4 41. Rb3 Bc6 42. h5 Ba4 43. Rb8 Bd1 44. Rb5 a4 45. Bxd5 exd5 46. Rxd5 Bxh5 47. Rd6+ Ke5 48. Rxh6 Bg4 49. Ng5 Rc3 50. Kg2 Bd1 51. Rh1 Bb3 52. Nf3+ Rxf3 0-1

[Event "GER-chT U20 Girls "]
[Site "Chemnitz"]
[Date "2009.12.28"]
[Round "4.4"]
[White "Mijatovic, Andrea"]
[Black "Kosovska, Olena"]
[Result "0-1"]
[WhiteElo "1869"]
[BlackElo "1850"]
[PlyCount "60"]
[EventDate "2009.12.27"]
[EventType "team-swiss"]
[EventRounds "7"]
[EventCountry "GER"]
[SourceTitle "EXT 2022"]
[Source "ChessBase"]
[SourceDate "2021.10.06"]
[SourceVersion "1"]
[SourceVersionDate "2021.10.06"]
[SourceQuality "1"]
[WhiteTeam "Stuttgart Wolfbusch U20 Girls"]
[BlackTeam "Dresden Gruen Weiss U20 Girls"]
[WhiteTeamCountry "GER"]
[BlackTeamCountry "GER"]

1. e4 c5 2. Nf3 Nc6 3. d4 cxd4 4. Nxd4 e5 5. Nb5 a6 6. Nd6+ Bxd6 7. Qxd6 Qf6 8. Qxf6 Nxf6 9. Nc3 Nb4 10. Bd3 d5 11. exd5 Nxd3+ 12. cxd3 Bf5 13. 0-0 0-0 14. Re1 Rfe8 15. Bg5 Bxd3 16. Bxf6 gxf6 17. Re3 Bg6 18. Rd1 Red8 19. d6 Rac8 20. Re2 Kg7 21. f3 Rc6 22. Red2 f5 23. Rd5 f6 24. a3 Bf7 25. R5d3 Bc4 26. Re3 Rcxd6 27. Rxd6 Rxd6 28. b4 Rd2 29. Na4 Rd1+ 30. Kf2 Rf1+ 0-1

[Event "BL 0910 (Women)"]
[Site "Germany"]
[Date "2009.11.08"]
[Round "2.5"]
[White "Mijatovic, Andrea"]
[Black "Tammert, Iamze"]
[Result "0-1"]
[WhiteElo "1869"]
[BlackElo "2277"]
[PlyCount "68"]
[EventDate "2009.11.07"]
[EventType "team-tourn"]
[EventRounds "11"]
[EventCountry "GER"]
[SourceTitle "CBM 133 Extra"]
[Source "ChessBase"]
[SourceDate "2010.01.05"]
[SourceVersion "1"]
[SourceVersionDate "2010.01.05"]
[SourceQuality "1"]
[WhiteTeam "Wolfbusch (W)"]
[BlackTeam "Baden-Baden (W)"]
[WhiteTeamCountry "GER"]
[BlackTeamCountry "GER"]

1. e4 g6 2. d4 Bg7 3. Nc3 c5 4. Nf3 cxd4 5. Nxd4 Nc6 6. Be3 d6 7. Qd2 Nf6 8. f3 a6 9. g4 Nd7 10. f4 Nxd4 11. Bxd4 e5 12. Bf2 exf4 13. Qxf4 Ne5 14. g5 Qxg5 15. Qxg5 Nf3+ 16. Ke2 Nxg5 17. Nd5 Bg4+ 18. Kd3 0-0 19. Bg2 f5 20. Bg3 Nxe4 21. Rhe1 Rae8 22. c3 Nxg3 23. hxg3 Rxe1 24. Rxe1 Be5 25. Nf4 Rb8 26. b3 Kg7 27. Re3 h5 28. Nd5 g5 29. Nb6 f4 30. gxf4 gxf4 31. Re1 f3 32. Bh1 f2 33. Rf1 Bg3 34. Ke3 Re8+ 0-1

[Event "GER-ch U16 Girls"]
[Site "Willingen"]
[Date "2008.05.11"]
[Round "9"]
[White "Endress, Anna"]
[Black "Mijatovic, Andrea"]
[Result "1-0"]
[WhiteElo "2038"]
[BlackElo "1864"]
[PlyCount "55"]
[EventDate "2008.05.11"]
[EventType "swiss"]
[EventRounds "9"]
[EventCountry "GER"]
[SourceTitle "CBM 124 Extra"]
[Source "ChessBase"]
[SourceDate "2008.07.03"]
[SourceVersion "1"]
[SourceVersionDate "2008.07.03"]
[SourceQuality "1"]

1. e4 c5 2. Nf3 d6 3. d4 cxd4 4. Nxd4 Nf6 5. Nc3 a6 6. Bc4 e6 7. a4 Nbd7 8. 0-0 Nc5 9. Qe2 Qc7 10. f3 Qb6 11. a5 Qc7 12. Bg5 Be7 13. b4 Ncxe4 14. Nxe4 Nxe4 15. Bxe7 Nc3 16. Qd3 Kxe7 17. Ra3 Nd5 18. Bxd5 exd5 19. Rc3 Qd7 20. Qe3+ Kd8 21. Qg5+ Qe7 22. Qxd5 Be6 23. Nxe6+ fxe6 24. Qd4 Rc8 25. Qb6+ Rc7 26. Re1 Re8 27. Rxe6 Qf7 28. Qxc7+ 1-0

[Event "BL2 Sued 0708 (Women)"]
[Site "Germany"]
[Date "2008.01.13"]
[Round "5.6"]
[White "Nieberle, Julia"]
[Black "Mijatovic, Andrea"]
[Result "0-1"]
[WhiteElo "1652"]
[BlackElo "1848"]
[PlyCount "78"]
[EventDate "2007.11.10"]
[EventType "team-tourn"]
[EventRounds "7"]
[EventCountry "GER"]
[SourceTitle "EXT 2009"]
[Source "ChessBase"]
[SourceDate "2008.11.26"]
[SourceVersion "1"]
[SourceVersionDate "2008.11.26"]
[SourceQuality "1"]
[WhiteTeam "Krumbach (W)"]
[BlackTeam "Wolfbusch (W)"]
[WhiteTeamCountry "GER"]
[BlackTeamCountry "GER"]

1. e4 c5 2. Nf3 d6 3. Bc4 Nf6 4. Nc3 e6 5. d3 a6 6. Bg5 Be7 7. 0-0 0-0 8. e5 dxe5 9. Nxe5 b5 10. Bb3 Bb7 11. Re1 Qc7 12. Ng4 Qc6 13. Ne3 Nbd7 14. f3 Nb6 15. a3 Rfd8 16. Qe2 Rd7 17. Rad1 h6 18. Bh4 Re8 19. Bg3 Nh5 20. Bf2 Nf4 21. Qf1 Bf6 22. Ng4 Bxc3 23. bxc3 Qc8 24. Bg3 Nfd5 25. Ne5 Rdd8 26. c4 Nc3 27. Rd2 f6 28. cxb5 fxe5 29. bxa6 Bxa6 30. Bxe5 Nb5 31. a4 Nd4 32. Bxd4 Rxd4 33. Ra1 c4 34. Ba2 cxd3 35. cxd3 Qc3 36. Qe1 Rxd3 37. Bxe6+ Kh8 38. Rad1 Qd4+ 39. Kh1 Rxe6 0-1